| 000 | 00394nam a22001457a 4500 | ||
|---|---|---|---|
| 999 |
_c15583 _d15583 |
||
| 003 | OSt | ||
| 008 | 190517b ||||| |||| 00| 0 eng d | ||
| 020 | _a9789386546081 | ||
| 082 |
_a631.4 _bSAR/SO |
||
| 100 |
_aSarangi, Chittaranjan _94064 |
||
| 245 | _aSoil, Plant and Water Analysis in Horticulture | ||
| 260 |
_aNew Delhi _bNew india publishing Agency _c2018 |
||
| 300 | _a99 p. | ||
| 942 | _cBK | ||